Instructor activities, insights, and resources for teachers.
| New Title: | Instructor (Intermediate edition) Instructor (New York, N.Y. : 1999) |
|---|---|
| Previous Title: | Instructor (New York, NY : 1990) Electronic learning in your classroom |
| Format: | Electronic Journal |
| Language: | English |
| Published: |
New York, NY :
Scholastic,
1996-1999.
|
| Subjects: | |
| Online Access: | Full text available from Research Library: 01/01/1998 to 04/30/1999 |
MARC
| LEADER | 00000nas a2200000 a 4500 | ||
|---|---|---|---|
| 001 | ssj0016533 | ||
| 003 | WaSeSS | ||
| 005 | 20200512172242.0 | ||
| 006 | m d | ||
| 007 | cr n | ||
| 008 | 961112d19961999nyubn p s 0 a0eng c | ||
| 010 | |a sn 97042551 | ||
| 022 | |y 2644-3589 | ||
| 035 | |a (WaSeSS)ssj0016533 | ||
| 040 | |a GGC |b eng |c GGC |d YPM |d NYG |d EYM |d IUL |d WAU |d UMC |d CLU |d IUL |d DLC |d UMC |d NYG |d WAU |d DLC |d NSD |d IUL |d DLC |d OCL |d NOC |d DLC |d OCLCQ |d UQ1 |d CRU |d AU@ |d OCLCQ |d OCLCO |d OCLCF |d GILDS |d OCLCO |d STF |d CPO |d DLC |d WaSeSS | ||
| 042 | |a pcc |a nsdp | ||
| 050 | 0 | 0 | |a LB1537 |b .I55 |
| 050 | 1 | 4 | |a L11 |b .I543 |
| 082 | 1 | 0 | |a 371 |2 23 |
| 082 | 1 | 0 | |a 370 |2 11 |
| 130 | 0 | |a Instructor (Primary edition) | |
| 222 | 0 | |a Instructor |b (Primary edition) | |
| 245 | 1 | 0 | |a Instructor |h [electronic resource] : |b activities, insights, and resources for teachers. |
| 246 | 1 | 3 | |a Primary instructor |
| 246 | 1 | 8 | |a Instructor, primary edition |
| 260 | |a New York, NY : |b Scholastic, |c 1996-1999. | ||
| 310 | |a Eight no. a year (monthly Aug., Sept., Oct., Mar., Apr., and bimonthly Nov./Dec., Jan./Feb., and May/June) | ||
| 362 | 0 | |a Vol. 106, no. 1 (Aug. 1996)-v. 108, no. 7 (Apr. 1999). | |
| 500 | |a Title from cover. | ||
| 500 | |a At head of title: Primary. | ||
| 500 | |a Some issues contain inserts. | ||
| 506 | |a License restrictions may limit access. | ||
| 525 | |a Issues for Sept. 1997-1999 have supplement: Electronic learning in your classroom. | ||
| 580 | |a Merged with: Instructor (Intermediate edition), to form: Instructor (New York, N.Y. : 1999). | ||
| 650 | 0 | |a Education, Primary |x Activity programs |v Periodicals. | |
| 650 | 0 | |a Activity programs in education |v Periodicals. | |
| 650 | 0 | |a Creative activities and seat work |v Periodicals. | |
| 650 | 7 | |a Enseignement primaire. |2 rasuqam | |
| 650 | 7 | |a Pédagogie active. |2 rasuqam | |
| 650 | 7 | |a Activity programs in education. |2 fast |0 (OCoLC)fst00796290 | |
| 650 | 7 | |a Creative activities and seat work. |2 fast |0 (OCoLC)fst00882463 | |
| 650 | 7 | |a Education, Primary |x Activity programs. |2 fast |0 (OCoLC)fst00903205 | |
| 655 | 0 | |a Electronic journals. | |
| 740 | 0 | 2 | |a Electronic learning in your classroom. |
| 780 | 0 | 1 | |t Instructor (New York, NY : 1990) |x 1049-5851 |w (DLC)sn 90002697 |w (OCoLC)20868525 |
| 780 | 0 | 6 | |t Electronic learning in your classroom |x 2644-3570 |w (DLC)sn 97048664 |w (OCoLC)37525351 |
| 785 | 1 | 7 | |t Instructor (Intermediate edition) |w (DLC)sn 98018272 |w (OCoLC)36010354 |
| 785 | 1 | 7 | |t Instructor (New York, N.Y. : 1999) |x 1532-0200 |w (DLC)sn 99050030 |w (OCoLC)41316537 |
| 850 | |a DLC |a InU |a MdU |a MiU |a N |a WaU | ||
| 856 | 4 | 0 | |z Full text available from Research Library: 01/01/1998 to 04/30/1999 |u https://search.proquest.com/publication/46696 |